[Event "L.Rudenko Memorial 2011"]
[Site "St. Petersburg"]
[Date "2011.08.26"]
[Round "4"]
[White "Gudkina, Zhanna"]
[Black "Balaian, Alina"]
[Result "0-1"]
[WhiteElo "1759"]
[BlackElo "2163"]
[PlyCount "120"]
[EventDate "2011.08.23"]

1. e4 e6 2. d4 d5 3. Nd2 Nf6 4. e5 Nfd7 5. Bd3 c5 6. c3 Nc6 7. Ngf3 Be7 8. O-O
g5 9. h3 h5 10. dxc5 Ndxe5 11. Bb5 Bd7 12. Qe2 Qc7 13. Nb3 Nxf3+ 14. Qxf3 Ne5
15. Bxd7+ Nxd7 16. Be3 g4 17. Qe2 O-O-O 18. c6 bxc6 19. c4 Rdg8 20. h4 Ne5 21.
Rfc1 dxc4 22. Nd2 Nf3+ 23. Kf1 Nxd2+ 24. Bxd2 c5 25. Qxc4 Rd8 26. Be3 Rd5 27.
b4 Rhd8 28. Rab1 Qc6 29. bxc5 Bf6 30. Qe2 Be5 31. Rb3 f5 32. Rb4 Bc7 33. Bg5
R8d7 34. Qb5 Qxb5+ 35. Rxb5 f4 36. Rb3 e5 37. g3 Rd1+ 38. Rxd1 Rxd1+ 39. Ke2
Rc1 40. Rb2 Rxc5 41. Kd3 fxg3 42. fxg3 Ra5 43. Ke4 Ra3 44. Be3 Kd7 45. Rc2 Bb8
46. Re2 Ke6 47. Rc2 Ra4+ 48. Kd3 e4+ 49. Ke2 Bxg3 50. Rc6+ Kf7 51. Rc5 Rxa2+
52. Kd1 Ra1+ 53. Kc2 Ra3 54. Bc1 Ra2+ 55. Kb3 Rh2 56. Rxh5 Rxh4 57. Rf5+ Ke6
58. Ra5 Bf2 59. Ra6+ Bb6 60. Kc4 g3 0-1

[Event "L.Rudenko Memorial 2011"]
[Site "St. Petersburg"]
[Date "2011.08.26"]
[Round "4"]
[White "Sundukova, Ksenia"]
[Black "Kindinova, Ekaterina"]
[Result "0-1"]
[WhiteElo "1755"]
[BlackElo "2159"]
[PlyCount "114"]
[EventDate "2011.08.23"]

1. e4 c5 2. Nf3 e6 3. d4 cxd4 4. Nxd4 Nc6 5. Be3 Qc7 6. Bd3 a6 7. O-O Nf6 8. a3
Ne5 9. h3 d5 10. exd5 Nxd5 11. Qd2 Nxe3 12. Qxe3 Nxd3 13. Qxd3 Be7 14. Nd2 O-O
15. Qc4 Qb8 16. Ne4 e5 17. Nf3 Be6 18. Qc3 f5 19. Ng3 Bf6 20. Nh5 e4 21. Nxf6+
Rxf6 22. Nd4 Bd5 23. Qc5 Bf7 24. Nxf5 b6 25. Ne7+ Kh8 26. Qd4 Qb7 27. Rfe1 Qxe7
28. Rxe4 Qc7 29. c3 Bg6 30. Re2 Rd8 31. Rae1 h6 32. Qb4 Rdf8 33. Qd4 Qf4 34.
Qxf4 Rxf4 35. f3 Bd3 36. Re3 Bc4 37. Rd1 Kh7 38. Rd6 R4f6 39. Rd4 b5 40. Rd2 a5
41. Rd4 a4 42. Rd2 Re6 43. Rxe6 Bxe6 44. Kf2 Bc4 45. Ke3 Re8+ 46. Kf2 Re6 47.
Rc2 Kg6 48. Rd2 Kf6 49. Rc2 Ke7 50. f4 Kd6 51. Rd2+ Kc5 52. Kf3 Bd5+ 53. Kf2
Re4 54. Kg3 Kc4 55. f5 Kb3 56. Rf2 Re1 57. Kg4 Rg1 0-1

[Event "L.Rudenko Memorial 2011"]
[Site "St. Petersburg"]
[Date "2011.08.26"]
[Round "4"]
[White "Manina, Ksenia"]
[Black "Petrochenko, Maria"]
[Result "1-0"]
[WhiteElo "2003"]
[BlackElo "1491"]
[PlyCount "87"]
[EventDate "2011.08.23"]

1. Nf3 d5 2. d4 Nf6 3. e3 Bf5 4. b3 e6 5. Bb2 c5 6. Bd3 Bxd3 7. Qxd3 Bd6 8. O-O
O-O 9. Ne5 Nbd7 10. Nd2 Qc7 11. f4 Rac8 12. Rac1 Qa5 13. c4 cxd4 14. exd4 b6
15. Ndf3 Qa6 16. Ng5 Qb7 17. f5 Rce8 18. fxe6 fxe6 19. Rce1 h6 20. Nxd7 Qxd7
21. Nf3 Ne4 22. a3 a5 23. Nd2 Nxd2 24. Qxd2 Rxf1+ 25. Rxf1 Rf8 26. Rxf8+ Bxf8
27. Qf4 Qd6 28. Qxd6 Bxd6 29. Kf2 Kf7 30. Kf3 Kg6 31. h3 Kf5 32. a4 g5 33. Bc3
h5 34. g4+ hxg4+ 35. hxg4+ Kg6 36. c5 bxc5 37. dxc5 Bxc5 38. Bxa5 Kf7 39. Bd2
Be7 40. a5 Bd8 41. a6 Bb6 42. Ba5 Ba7 43. b4 Ke7 44. b5 1-0

[Event "L.Rudenko Memorial 2011"]
[Site "St. Petersburg"]
[Date "2011.08.26"]
[Round "4"]
[White "Yusupova, Lilia"]
[Black "Kiseleva, Arina"]
[Result "0-1"]
[WhiteElo "1672"]
[BlackElo "1846"]
[PlyCount "96"]
[EventDate "2011.08.23"]

1. c4 e5 2. Nc3 Bb4 3. g3 Bxc3 4. bxc3 d6 5. h3 f5 6. d4 Nd7 7. Bg2 Ngf6 8. Nf3
e4 9. Nh2 Nb6 10. Qb3 Be6 11. d5 Bc8 12. Be3 Nbd7 13. O-O b6 14. f3 Qe7 15. Bd4
O-O 16. e3 Nc5 17. Bxc5 bxc5 18. f4 a5 19. a4 Ba6 20. Rfb1 Nd7 21. Qa2 Qf6 22.
Rc1 Rab8 23. Bf1 Rb7 24. Rab1 Rxb1 25. Qxb1 Nb6 26. Qa2 Qe7 27. Be2 Qd7 28. Ra1
Rb8 29. g4 g6 30. Kf2 Kh8 31. Rb1 Rb7 32. Ra1 Qe8 33. Nf1 Nd7 34. g5 Qb8 35.
Rc1 Rb2 36. Qa1 Bxc4 37. Ng3 Ra2 38. Qb1 Qxb1 39. Rxb1 Nb6 40. Ke1 Bxe2 41.
Nxe2 Rxa4 42. Nc1 Ra3 43. Ne2 a4 44. Kd1 Rb3 45. Ra1 Rb2 46. Ra3 Kg7 47. c4 Rb4
48. Nc3 Nxc4 0-1

[Event "L.Rudenko Memorial 2011"]
[Site "St. Petersburg"]
[Date "2011.08.26"]
[Round "4"]
[White "Elizarova, Taisia"]
[Black "Vronskaya, Anna"]
[Result "0-1"]
[WhiteElo "1662"]
[BlackElo "1864"]
[PlyCount "62"]
[EventDate "2011.08.23"]

1. d4 d5 2. c4 e6 3. Nf3 c5 4. cxd5 exd5 5. Nc3 Nc6 6. g3 Nf6 7. Bg2 Be7 8. O-O
O-O 9. Bg5 cxd4 10. Nxd4 h6 11. Be3 Re8 12. Qb3 Na5 13. Qc2 Nc4 14. Bf4 a6 15.
Nxd5 Nxd5 16. Qxc4 Nxf4 17. gxf4 Bf6 18. Rad1 Qb6 19. e4 Bg4 20. Rd2 Rac8 21.
Qd3 Red8 22. e5 Be7 23. Qg3 Rxd4 24. Rxd4 Qxd4 25. Qxg4 Rc7 26. Bxb7 Qxb2 27.
Bxa6 Qxa2 28. Bd3 Qd5 29. Be2 Qc5 30. Rd1 Rc6 31. Bf3 Rg6 0-1

[Event "L.Rudenko Memorial 2011"]
[Site "St. Petersburg"]
[Date "2011.08.26"]
[Round "4"]
[White "Markelova, Lubov"]
[Black "Butneva, Larisa"]
[Result "1-0"]
[WhiteElo "2074"]
[BlackElo "1868"]
[PlyCount "64"]
[EventDate "2011.08.23"]

1. Nf3 d5 2. d4 Nf6 3. c4 c6 4. Nc3 dxc4 5. a4 Bf5 6. e3 Na6 7. Bxc4 Nb4 8. e4
Bg6 9. O-O e6 10. Qe2 Be7 11. Rd1 O-O 12. Ne5 Qc7 13. Nxg6 hxg6 14. e5 Nfd5 15.
Ne4 Qd8 16. Qg4 Nc2 17. Rb1 Nb6 18. Bb3 Nb4 19. Bg5 N6d5 20. Bxd5 Nxd5 21. Rd3
f5 22. exf6 gxf6 23. Bh6 Kf7 24. Bxf8 Bxf8 25. Rg3 Ne7 26. Re1 Qd5 27. Nc5 f5
28. Qh4 Rd8 29. Nxe6 Qxe6 30. Rxe6 Kxe6 31. Re3+ Kf7 32. g4 Bg7 1-0

[Event "L.Rudenko Memorial 2011"]
[Site "St. Petersburg"]
[Date "2011.08.27"]
[Round "5"]
[White "Doluhanova, Evgeniya"]
[Black "Trapeznikova, Darya"]
[Result "0-1"]
[WhiteElo "2227"]
[BlackElo "1979"]
[PlyCount "184"]
[EventDate "2011.08.23"]

1. e4 e6 2. d4 d5 3. Nc3 Bb4 4. exd5 exd5 5. Bd3 Ne7 6. Nge2 Bf5 7. a3 Bxc3+ 8.
Nxc3 Bxd3 9. Qxd3 O-O 10. Bg5 Qd7 11. O-O-O c6 12. h4 Re8 13. Rh3 Na6 14. h5 h6
15. Bf4 f6 16. Rf3 Qf5 17. Qd2 Qxh5 18. Rh3 Qf5 19. Rdh1 Ng6 20. Be3 Re7 21.
Rf3 Qg4 22. Rg3 Qf5 23. Qe2 Kf7 24. Rh5 Qe6 25. Qf3 Nc7 26. Rh1 f5 27. Qh5 Qf6
28. Ne2 Ne6 29. Bf4 Nxd4 30. Nxd4 Re4 31. Be3 f4 32. Rf3 Kg8 33. c3 Ne5 34. Bd2
Nxf3 35. Qxf3 Rae8 36. Rh5 R8e5 37. Rxe5 Qxe5 38. Qd3 c5 39. Nf3 Qe6 40. Qb5 b6
41. Qa6 Re2 42. Qxa7 Rxf2 43. Qb8+ Kh7 44. Qxf4 Rxg2 45. Ne5 Re2 46. Nf3 Qe4
47. Qf7 Rg2 48. b4 d4 49. cxd4 cxd4 50. Qh5 Kg8 51. Qh3 Rg6 52. b5 Qd3 53. Qh5
Qxa3+ 54. Kd1 Qb3+ 55. Ke1 Qe6+ 56. Kf2 d3 57. Qe5 Qxe5 58. Nxe5 Rd6 59. Nc6
Kf7 60. Ke3 g5 61. Ne5+ Ke6 62. Nc4 Rd5 63. Nxb6 Rxb5 64. Na4 Kf5 65. Nc3 Rb8
66. Kxd3 h5 67. Ke2 h4 68. Nd1 Kg4 69. Nf2+ Kf5 70. Kf3 Rb3+ 71. Be3 Rb2 72.
Ng4 Rb4 73. Nh6+ Kg6 74. Ng4 Rb5 75. Ke4 Rb4+ 76. Kf3 Rb8 77. Bc5 Rb5 78. Bf2
Rf5+ 79. Kg2 Kh5 80. Nh2 g4 81. Nf1 Rf3 82. Be1 Rb3 83. Bf2 Rb1 84. Nd2 Rb2 85.
Ne4 Re2 86. Nc3 Rc2 87. Nd1 Rd2 88. Ne3 h3+ 89. Kg1 h2+ 90. Kxh2 Rxf2+ 91. Ng2
Ra2 92. Kg3 Kg5 0-1

[Event "L.Rudenko Memorial 2011"]
[Site "St. Petersburg"]
[Date "2011.08.27"]
[Round "5"]
[White "Bivol, Alina"]
[Black "Goryachkina, Aleksandra"]
[Result "0-1"]
[WhiteElo "2171"]
[BlackElo "2153"]
[PlyCount "150"]
[EventDate "2011.08.23"]

1. d4 f5 2. g3 Nf6 3. Bg2 g6 4. Nh3 Bg7 5. Nf4 e6 6. h4 d6 7. h5 e5 8. h6 Bf8
9. dxe5 dxe5 10. Qxd8+ Kxd8 11. Nd3 e4 12. Ne5 Ke8 13. b3 Bb4+ 14. c3 Be7 15.
Bb2 Nbd7 16. c4 Nxe5 17. Bxe5 c6 18. f3 exf3 19. exf3 Kf7 20. Bd4 Rd8 21. Bf2
Ne4 22. fxe4 Bf6 23. exf5 gxf5 24. g4 Bxa1 25. O-O Bd4 26. Bxd4 Rxd4 27. gxf5
Bd7 28. Bh3 Rg8+ 29. Kh2 Rd3 30. Rf2 c5 31. Bg2 Bc6 32. Bxc6 bxc6 33. Nd2 Rd6
34. f6 Rxf6 35. Rxf6+ Kxf6 36. Ne4+ Kf5 37. Nxc5 Rg6 38. b4 Rxh6+ 39. Kg3 Rd6
40. a4 Rd4 41. Nb7 h5 42. b5 Ke6 43. c5 Kd7 44. Na5 cxb5 45. axb5 Rd5 46. Nc6
a5 47. Nxa5 Rxc5 48. Nc6 Rxb5 49. Nd4 Re5 50. Nf3 Ra5 51. Kh4 Ke7 52. Ng5 Kf6
53. Nh7+ Kg7 54. Ng5 Kg6 55. Nf3 Ra4+ 56. Kg3 Kf6 57. Nh4 Rg4+ 58. Kh3 Kg5 59.
Nf3+ Kf4 60. Nd4 Ke3 61. Nf5+ Kf3 62. Nh4+ Kf4 63. Ng2+ Kg5 64. Ne3 Ra4 65. Nd1
Ra3+ 66. Kg2 Kf4 67. Nf2 Ra2 68. Kg1 Kf3 69. Nd3 Kg3 70. Kf1 h4 71. Nc5 Kf3 72.
Kg1 h3 73. Kh1 Rc2 74. Nd3 Kg3 75. Kg1 Rg2+ 0-1

[Event "L.Rudenko Memorial 2011"]
[Site "St. Petersburg"]
[Date "2011.08.27"]
[Round "5"]
[White "Romanko, Marina"]
[Black "Eidelson, Rakhil"]
[Result "1-0"]
[WhiteElo "2402"]
[BlackElo "2242"]
[PlyCount "93"]
[EventDate "2011.08.23"]

1. d4 Nf6 2. c4 c5 3. d5 b5 4. cxb5 a6 5. b6 d6 6. Nc3 g6 7. e4 Bg7 8. Nf3 O-O
9. Nd2 Nfd7 10. Be2 Nxb6 11. O-O N8d7 12. a4 a5 13. Rb1 Nf6 14. b3 e6 15. dxe6
Bxe6 16. Nc4 Ne8 17. Nb5 d5 18. exd5 Nxd5 19. Bf3 h6 20. Bd2 Nef6 21. Qe1 Bf5
22. Bxa5 Rxa5 23. Qxa5 Bxb1 24. Qxd8 Rxd8 25. Rxb1 Nb4 26. Rd1 Rxd1+ 27. Bxd1
Nd7 28. Bf3 Nb8 29. Nc7 Bf6 30. Nd5 Bd4 31. Nxb4 cxb4 32. a5 Kf8 33. Nd6 Ke7
34. Nb5 Bc5 35. Bb7 Kd7 36. a6 Nc6 37. Bxc6+ Kxc6 38. a7 Kb7 39. Kf1 Bxa7 40.
Nxa7 Kxa7 41. Ke2 Kb6 42. Kd3 Kc5 43. Ke4 f5+ 44. Ke5 f4 45. h4 g5 46. hxg5
hxg5 47. f3 1-0

[Event "L.Rudenko Memorial 2011"]
[Site "St. Petersburg"]
[Date "2011.08.27"]
[Round "5"]
[White "Severiukhina, Zoja"]
[Black "Galojan, Lilit"]
[Result "1/2-1/2"]
[WhiteElo "2270"]
[BlackElo "2389"]
[PlyCount "101"]
[EventDate "2011.08.23"]

1. e4 c5 2. Nf3 d6 3. d4 cxd4 4. Nxd4 Nf6 5. Nc3 a6 6. Be3 e5 7. Nb3 Be6 8. Qd2
Nbd7 9. O-O-O Qc7 10. f3 h5 11. Qf2 Be7 12. h3 b5 13. Kb1 b4 14. Nd5 Bxd5 15.
exd5 a5 16. Bb5 O-O 17. Ba4 Rfb8 18. g4 Nb6 19. Bc6 Nc4 20. g5 Nh7 21. Bc1 Ra6
22. Rhg1 a4 23. Nd2 Nxd2+ 24. Qxd2 Nf8 25. Qe2 Ra5 26. Bd2 a3 27. b3 Ng6 28.
Qe4 Qb6 29. Be3 Qa6 30. Bd7 Bd8 31. Bf5 Nf8 32. g6 Qb7 33. gxf7+ Qxf7 34. Qd3
Bb6 35. Be6 Nxe6 36. dxe6 Qxe6 37. Rg6 Qf7 38. Bh6 e4 39. Qxd6 Rd8 40. Qxd8+
Bxd8 41. Rxd8+ Kh7 42. Rxg7+ Qxg7 43. Bxg7 Kxg7 44. fxe4 Rg5 45. Kc1 Rg3 46.
Rd7+ Kf6 47. h4 Ke5 48. Kd2 Kxe4 49. Re7+ Kd4 50. Rd7+ Ke4 51. Re7+ 1/2-1/2

[Event "L.Rudenko Memorial 2011"]
[Site "St. Petersburg"]
[Date "2011.08.27"]
[Round "5"]
[White "Travkina, Anastasia"]
[Black "Molchanova, Tatjana"]
[Result "1/2-1/2"]
[WhiteElo "2176"]
[BlackElo "2346"]
[PlyCount "61"]
[EventDate "2011.08.23"]

1. e4 c5 2. Nf3 Nc6 3. Bb5 d6 4. O-O Bd7 5. c3 Nf6 6. Re1 a6 7. Ba4 b5 8. Bc2
Bg4 9. d3 e5 10. Nbd2 Be7 11. Nf1 O-O 12. Ne3 Bh5 13. Nf5 d5 14. Ng3 Bg6 15.
Nh4 dxe4 16. Nxg6 hxg6 17. dxe4 Qxd1 18. Rxd1 Rfd8 19. Bg5 Kf8 20. Nf1 c4 21.
Ne3 Nd7 22. Bxe7+ Nxe7 23. Rd2 Nb6 24. Rad1 Rxd2 25. Rxd2 Ke8 26. Rd6 Nbc8 27.
Rd2 Nb6 28. Rd6 Nbc8 29. Rd2 Nb6 30. Rd6 Nbc8 31. Rd2 1/2-1/2

[Event "L.Rudenko Memorial 2011"]
[Site "St. Petersburg"]
[Date "2011.08.27"]
[Round "5"]
[White "Stjazhkina, Olga"]
[Black "Shulakova, Svetlana"]
[Result "1-0"]
[WhiteElo "2247"]
[BlackElo "2177"]
[PlyCount "115"]
[EventDate "2011.08.23"]

1. e4 c5 2. Nc3 Nc6 3. g3 g6 4. Bg2 Bg7 5. d3 Rb8 6. f4 b5 7. a3 e6 8. e5 f5 9.
Be3 Qc7 10. a4 a6 11. axb5 axb5 12. Nge2 d6 13. d4 dxe5 14. dxe5 Nb4 15. Nc1
Ne7 16. Nb3 Na6 17. Qd6 Qxd6 18. exd6 b4 19. Na4 c4 20. Na5 Nd5 21. Nxc4 Nxe3
22. Nxe3 Bd7 23. Nc4 Bb5 24. Ne5 Rd8 25. d7+ Ke7 26. Bc6 Bxe5 27. Bxb5 Nc7 28.
fxe5 Nxb5 29. Nc5 Ra8 30. Kf2 Nd4 31. Rhd1 Nc6 32. Rd6 Rxa1 33. Rxe6+ Kf7 34.
Rxc6 Ke7 35. e6 Raa8 36. Nb7 Rab8 37. Rb6 h6 38. Rxb4 Kxe6 39. d8=Q Rhxd8 40.
Nxd8+ Rxd8 41. Rb6+ Ke5 42. Ke3 Rg8 43. c4 g5 44. Rb5+ Ke6 45. b4 h5 46. Rd5
Ra8 47. b5 Ra2 48. b6 f4+ 49. gxf4 gxf4+ 50. Kf3 Ra3+ 51. Kxf4 Ra4 52. Rd4 Rb4
53. Re4+ Kf6 54. c5 Rb2 55. h4 Rf2+ 56. Ke3 Rb2 57. Kd4 Kf5 58. Kd5 1-0

[Event "L.Rudenko Memorial 2011"]
[Site "St. Petersburg"]
[Date "2011.08.27"]
[Round "5"]
[White "Baraeva, Irina"]
[Black "Kostitsina, Liubov"]
[Result "1-0"]
[WhiteElo "2204"]
[BlackElo "2017"]
[PlyCount "135"]
[EventDate "2011.08.23"]

1. c4 g6 2. Nc3 Bg7 3. g3 e5 4. Bg2 Nc6 5. e3 d6 6. Nge2 Nh6 7. O-O O-O 8. b3
Be6 9. d4 exd4 10. exd4 Bg4 11. f3 Bc8 12. d5 Ne5 13. Bf4 a5 14. Ne4 Nf5 15.
Qd2 a4 16. Rac1 axb3 17. axb3 Ra3 18. Qc2 c6 19. dxc6 Qb6+ 20. Kh1 Rxb3 21.
Nxd6 Nxd6 22. c5 Qb4 23. cxd6 Nxc6 24. d7 Bxd7 25. Bd6 Qxd6 26. Qxb3 Na5 27.
Qa2 b6 28. Rfd1 Qe7 29. f4 Bg4 30. Re1 Re8 31. Ng1 Qxe1 32. Rxe1 Rxe1 33. h3
Be6 34. Qd2 Rb1 35. Kh2 Rb2 36. Qd8+ Bf8 37. Nf3 h6 38. Nd4 Bc4 39. Kg1 Rb1+
40. Kf2 Rb2+ 41. Kg1 Kg7 42. Ne6+ Bxe6 43. Qd4+ Kg8 44. Qxb2 Bc5+ 45. Kh2 Nc4
46. Qf6 b5 47. Be4 Ne3 48. Bxg6 Nf1+ 49. Kg2 Ne3+ 50. Kf3 Nd5 51. Qd8+ Kg7 52.
Bd3 Nc3 53. f5 Bd5+ 54. Kg4 Bd4 55. Bxb5 Bf6 56. Qd7 Bb3 57. Bc6 Ne2 58. Bd5
Bxd5 59. Qxd5 Nc3 60. Qd3 Na4 61. Kh5 Nc5 62. Qe3 Nd7 63. Qxh6+ Kg8 64. g4 Be7
65. g5 Ne5 66. g6 Bf6 67. Qh7+ Kf8 68. Kh6 1-0

[Event "L.Rudenko Memorial 2011"]
[Site "St. Petersburg"]
[Date "2011.08.27"]
[Round "5"]
[White "Kostrikina, Anna"]
[Black "Tomilova, Elena"]
[Result "0-1"]
[WhiteElo "2079"]
[BlackElo "2317"]
[PlyCount "88"]
[EventDate "2011.08.23"]

1. e4 c5 2. Nf3 Nc6 3. d4 cxd4 4. Nxd4 Nf6 5. Nc3 d6 6. Be2 e5 7. Nb3 Be7 8.
O-O O-O 9. Be3 a5 10. Nd2 Be6 11. Nc4 b5 12. Nxb5 Nxe4 13. Nb6 Rb8 14. Nd5 Nb4
15. c4 Nxd5 16. cxd5 Bd7 17. a4 Bg5 18. Qc2 Bxe3 19. fxe3 f5 20. Bd3 Qb6 21.
Rf3 Rbc8 22. Qe2 Nc5 23. Rh3 Nxd3 24. Qxd3 Rc5 25. g4 Bxb5 26. axb5 Qxb5 27.
Qxb5 Rxb5 28. gxf5 Rxf5 29. e4 Rf4 30. Re3 Rg4+ 31. Kf1 Rxb2 32. Rxa5 Rxh2 33.
Ra8+ Kf7 34. Ra7+ Kg6 35. Rd7 Rf4+ 36. Kg1 Rhh4 37. Rxd6+ Kg5 38. Rd7 Kh6 39.
Rd6+ g6 40. Re6 Rhg4+ 41. Kh2 Rxe4 42. Rxe5 Rxe5 43. Rxe5 Rg5 44. Re7 Rxd5 0-1

[Event "L.Rudenko Memorial 2011"]
[Site "St. Petersburg"]
[Date "2011.08.27"]
[Round "5"]
[White "Katyshkina, Anastasia"]
[Black "Zakurdjaeva, Irina"]
[Result "0-1"]
[WhiteElo "1936"]
[BlackElo "2268"]
[PlyCount "76"]
[EventDate "2011.08.23"]

1. e4 e5 2. Nf3 Nc6 3. Bc4 Bc5 4. b4 Bb6 5. O-O d6 6. c3 Nf6 7. d4 exd4 8. cxd4
Bg4 9. Bb2 O-O 10. b5 Ne7 11. Nbd2 d5 12. e5 Ne4 13. Bd3 Nxd2 14. Qxd2 Bxf3 15.
gxf3 Ng6 16. Kh1 Qh4 17. Rg1 f5 18. Qc2 Bxd4 19. Bxd4 Qxd4 20. Bxf5 Qxe5 21.
Bxg6 hxg6 22. Rae1 Qf5 23. Qxc7 Qxf3+ 24. Rg2 Rae8 25. Re7 Rxe7 26. Qxe7 Qf5
27. Qe3 Rf6 28. Qxa7 Qb1+ 29. Rg1 Qe4+ 30. Rg2 d4 31. Qb8+ Kh7 32. Qc8 Qe1+ 33.
Rg1 Qe4+ 34. Rg2 d3 35. Qd7 Rxf2 36. Qh3+ Kg8 37. Qc8+ Rf8 38. Qc1 d2 0-1

[Event "L.Rudenko Memorial 2011"]
[Site "St. Petersburg"]
[Date "2011.08.27"]
[Round "5"]
[White "Baraeva, Marina"]
[Black "Azimova, Karina"]
[Result "1/2-1/2"]
[WhiteElo "2197"]
[BlackElo "2067"]
[PlyCount "95"]
[EventDate "2011.08.23"]

1. d4 Nf6 2. Nf3 g6 3. c4 Bg7 4. Nc3 O-O 5. e4 d6 6. Be2 e5 7. O-O Nc6 8. d5
Ne7 9. Ne1 Nd7 10. Be3 f5 11. f3 f4 12. Bf2 g5 13. Nd3 Nf6 14. Rc1 Ng6 15. c5
Rf7 16. cxd6 cxd6 17. Nb5 a6 18. Na7 Bd7 19. Qb3 g4 20. Qb6 Qf8 21. Rc7 Rb8 22.
Rfc1 g3 23. hxg3 fxg3 24. Bxg3 Bh6 25. R1c2 Nh5 26. Bf2 Ngf4 27. Nxf4 Nxf4 28.
Kf1 Bg5 29. R7c3 Qh6 30. Bg3 Bd8 31. Qg1 Rg7 32. Bxf4 Qxf4 33. Ke1 Ba5 34. Kd1
Bxc3 35. Rxc3 Bh3 36. Bf1 Qg3 37. Qe3 Bxg2 38. Be2 Bh3 39. Kc2 Qg1 40. Qxg1
Rxg1 41. f4 Bd7 42. fxe5 dxe5 43. Rc7 Rg7 44. Kd2 Bh3 45. Rc3 Bd7 46. Rb3 b5
47. Rc3 Be8 48. Nc8 1/2-1/2

[Event "L.Rudenko Memorial 2011"]
[Site "St. Petersburg"]
[Date "2011.08.27"]
[Round "5"]
[White "Balaian, Alina"]
[Black "Manina, Ksenia"]
[Result "1-0"]
[WhiteElo "2163"]
[BlackElo "2003"]
[PlyCount "87"]
[EventDate "2011.08.23"]

1. e4 c5 2. Nf3 Nc6 3. d4 cxd4 4. Nxd4 Nf6 5. Nc3 d6 6. Bc4 Bd7 7. O-O g6 8.
Nxc6 Bxc6 9. Bg5 Bg7 10. Nd5 O-O 11. Bxf6 Bxf6 12. Nxf6+ exf6 13. Qd4 Qe7 14.
f3 Qe5 15. Rad1 Rfd8 16. Rf2 b5 17. Bb3 a5 18. a3 Qxd4 19. Rxd4 Kf8 20. Rfd2
Ke7 21. Kf2 Ra6 22. Ke3 Bd7 23. c3 Be6 24. Bd1 Rc6 25. f4 Rc5 26. Bf3 Rc4 27.
Be2 Rc5 28. g4 Bc4 29. b4 Rc7 30. Bxc4 Rxc4 31. Rxc4 bxc4 32. Kd4 f5 33. gxf5
gxf5 34. exf5 axb4 35. axb4 d5 36. Re2+ Kd6 37. Re5 Kc6 38. Re7 Rf8 39. f6 h6
40. Re5 Rd8 41. b5+ Kb6 42. Rxd5 Rc8 43. Rd7 Rc5 44. Rb7+ 1-0

[Event "L.Rudenko Memorial 2011"]
[Site "St. Petersburg"]
[Date "2011.08.27"]
[Round "5"]
[White "Kindinova, Ekaterina"]
[Black "Botalova, Yulia"]
[Result "1-0"]
[WhiteElo "2159"]
[BlackElo "1969"]
[PlyCount "73"]
[EventDate "2011.08.23"]

1. e4 e6 2. d4 d5 3. Nc3 Nf6 4. Bg5 Be7 5. e5 Nfd7 6. Bxe7 Qxe7 7. f4 a6 8. Nf3
c5 9. dxc5 Qxc5 10. Qd2 Nc6 11. Bd3 b5 12. O-O-O Nb6 13. Kb1 Nc4 14. Bxc4 bxc4
15. Nd4 Bd7 16. Nxc6 Bxc6 17. Ne2 Rb8 18. Qc3 O-O 19. Nd4 Bd7 20. Rhe1 Rb6 21.
Ka1 Rfb8 22. Rb1 g6 23. h4 Rc8 24. h5 Rcb8 25. Rh1 Qe7 26. g4 g5 27. fxg5 Qxg5
28. Nf3 Qe7 29. g5 Be8 30. Nh2 Qb7 31. Ng4 Qe7 32. Nf6+ Kh8 33. Qg3 Qf8 34. g6
Qg7 35. Nxh7 fxg6 36. hxg6 Qxg6 37. Nf8+ 1-0

[Event "L.Rudenko Memorial 2011"]
[Site "St. Petersburg"]
[Date "2011.08.27"]
[Round "5"]
[White "Grebennikova, Tatyana"]
[Black "Kiseleva, Arina"]
[Result "1/2-1/2"]
[WhiteElo "2009"]
[BlackElo "1846"]
[PlyCount "80"]
[EventDate "2011.08.23"]

1. c4 e5 2. Nc3 Bb4 3. g3 Bxc3 4. bxc3 d6 5. Bg2 f5 6. d3 Nf6 7. Nf3 O-O 8. O-O
Nc6 9. a4 a5 10. Rb1 Re8 11. Ne1 e4 12. Nc2 Rb8 13. Ba3 Bd7 14. c5 d5 15. d4
Ne7 16. Ne1 Rf8 17. Bh3 Qe8 18. Ng2 Bxa4 19. Qd2 Bc6 20. Nf4 Qf7 21. e3 g5 22.
Ne2 Qh5 23. Bg2 Qf7 24. Rfc1 Nh5 25. f4 gxf4 26. Nxf4 Nxf4 27. gxf4 Kh8 28. Kh1
Qh5 29. Rb2 Ng6 30. Qe2 Qh6 31. c4 Rg8 32. cxd5 Bxd5 33. Qe1 a4 34. Qa5 Nh4 35.
Qxc7 Nxg2 36. Qe5+ Qg7 37. Qxg7+ Rxg7 38. Rxg2 Rxg2 39. Kxg2 Rg8+ 40. Kf2 Rg6
1/2-1/2

[Event "L.Rudenko Memorial 2011"]
[Site "St. Petersburg"]
[Date "2011.08.27"]
[Round "5"]
[White "Vronskaya, Anna"]
[Black "Korchagina, Viktoria"]
[Result "0-1"]
[WhiteElo "1864"]
[BlackElo "2109"]
[PlyCount "47"]
[EventDate "2011.08.23"]

1. d4 Nf6 2. c4 g6 3. Nc3 d5 4. cxd5 Nxd5 5. e4 Nxc3 6. bxc3 Bg7 7. Bc4 c5 8.
Be3 O-O 9. Ne2 Nc6 10. O-O Na5 11. Bd3 b6 12. Qd2 e5 13. d5 f5 14. Bg5 Qe8 15.
g3 f4 16. gxf4 h6 17. Bh4 Bh3 18. Rfd1 g5 19. fxg5 Qh5 20. Ng3 Qxh4 21. g6 Rf6
22. Bb5 Bf8 23. Qe3 c4 24. Rab1 0-1

[Event "L.Rudenko Memorial 2011"]
[Site "St. Petersburg"]
[Date "2011.08.27"]
[Round "5"]
[White "Yusupova, Lilia"]
[Black "Markelova, Lubov"]
[Result "0-1"]
[WhiteElo "1672"]
[BlackElo "2074"]
[PlyCount "102"]
[EventDate "2011.08.23"]

1. c4 c6 2. Nc3 d5 3. cxd5 cxd5 4. d4 Nf6 5. Nf3 Nc6 6. g3 a6 7. Bg2 Bf5 8. a3
e6 9. O-O Be7 10. b4 b5 11. Bb2 O-O 12. h3 Rc8 13. e3 Qb6 14. Ne5 Nxe5 15. dxe5
Nd7 16. Ne2 Qb8 17. f4 Bc2 18. Qd2 Bg6 19. Rfc1 Nb6 20. Rxc8 Rxc8 21. Bd4 Nc4
22. Qd1 Rc7 23. Bf1 Qc8 24. Nc1 Nxa3 25. Rxa3 Rxc1 26. Qb3 h5 27. Ra2 Bf5 28.
Ra1 Rxa1 29. Bxa1 Qc1 30. Qc3 Qd1 31. Kf2 Bxb4 32. Qxb4 Qxa1 33. Qe1 Qb2+ 34.
Qe2 Qxe2+ 35. Kxe2 Kf8 36. Kd2 Ke8 37. Kc3 Kd7 38. Kb4 Kc6 39. h4 Kb6 40. Be2
g6 41. Bd1 a5+ 42. Kb3 Kc5 43. Be2 a4+ 44. Ka3 Bc2 45. Kb2 Bb3 46. Bd3 Kb4 47.
e4 a3+ 48. Kb1 Bc4 49. Bc2 Kc3 50. exd5 a2+ 51. Ka1 Kxc2 0-1

[Event "L.Rudenko Memorial 2011"]
[Site "St. Petersburg"]
[Date "2011.08.27"]
[Round "5"]
[White "Maidanova, Irina"]
[Black "Gudkina, Zhanna"]
[Result "1-0"]
[WhiteElo "1861"]
[BlackElo "1759"]
[PlyCount "139"]
[EventDate "2011.08.23"]

1. e4 e5 2. Nf3 Nc6 3. Bb5 a6 4. Ba4 Nf6 5. O-O Be7 6. Re1 b5 7. Bb3 d6 8. c3
O-O 9. h3 Nb8 10. d4 Nbd7 11. Nbd2 Bb7 12. Bc2 Re8 13. Nf1 Bf8 14. Ng3 g6 15.
Bg5 h6 16. Bd2 Bg7 17. a4 c5 18. dxe5 dxe5 19. Nh2 c4 20. Ng4 Nxg4 21. Qxg4 Nf6
22. Qe2 Qe7 23. Be3 Rad8 24. Bb6 Rd7 25. axb5 axb5 26. Ra5 Bc6 27. Rea1 Rb8 28.
Qe3 Rdb7 29. Bc5 Qe8 30. Ra6 Rc8 31. Bd1 Rd7 32. Be2 Rb7 33. Rd1 Rd7 34. Rd6
Rxd6 35. Bxd6 Bf8 36. Bxf8 Qxf8 37. h4 Kg7 38. h5 Rc7 39. Kh2 Qc8 40. Ra1 Ng4+
41. Bxg4 Qxg4 42. hxg6 fxg6 43. Rh1 Qg5 44. Qb6 Qe7 45. Kg1 Qd8 46. Rh3 Qe7 47.
Qe3 Qg5 48. Nf5+ Kf6 49. Nxh6 Qxe3 50. Ng4+ Ke6 51. Rxe3 Rd7 52. Re2 Rd1+ 53.
Kh2 Rd8 54. Kg3 Rd3+ 55. f3 Be8 56. Ne3 Bc6 57. Nc2 Rd8 58. Nb4 Be8 59. Kf2 Rd7
60. Ke3 Rf7 61. Rd2 Rd7 62. Rf2 Rf7 63. g3 g5 64. Rh2 Rf6 65. Rh7 Rf7 66. Rh8
Bd7 67. Rg8 Kf6 68. Nd5+ Ke6 69. Rg6+ Rf6 70. Rxf6# 1-0

[Event "L.Rudenko Memorial 2011"]
[Site "St. Petersburg"]
[Date "2011.08.27"]
[Round "5"]
[White "Savrova, Lidia"]
[Black "Chernyak, Viktoria"]
[Result "0-1"]
[WhiteElo "1591"]
[BlackElo "1768"]
[PlyCount "86"]
[EventDate "2011.08.23"]

1. d4 Nf6 2. Nf3 g6 3. e3 Bg7 4. Bd3 d6 5. h3 Nbd7 6. e4 e5 7. d5 Nc5 8. Nc3
O-O 9. O-O Nxd3 10. cxd3 Bd7 11. Qb3 Rb8 12. a4 a6 13. Bg5 Qc8 14. Rac1 h6 15.
Bxf6 Bxf6 16. Kh2 Bg7 17. Qc4 Qd8 18. b4 c6 19. Qb3 Qf6 20. Ng1 Rfc8 21. Nce2
Qe7 22. Nc3 Qg5 23. Rc2 h5 24. f3 Bh6 25. Rcf2 h4 26. Nce2 Qe7 27. f4 cxd5 28.
exd5 Bf5 29. fxe5 Qxe5+ 30. Kh1 Be3 31. Rf3 Bxg1 32. Nxg1 Rc3 33. Qd1 Qxd5 34.
Ne2 Rxd3 35. Rxd3 Qxd3 36. Qe1 Re8 37. Rf2 Qe4 38. Kg1 Qe3 39. Kf1 Bd3 40. Qd1
Bxe2+ 41. Rxe2 Qxe2+ 42. Qxe2 Rxe2 43. Kxe2 Kg7 0-1